| 000 | 01655nam a2200289 a 4500 | ||
|---|---|---|---|
| 001 | BRCA_8490 | ||
| 003 | FranzMayer | ||
| 005 | 20230724102753.0 | ||
| 008 | 280416s1790----sp-#######---#000-0#spa-# | ||
| 040 |
_aMFM _cMFM |
||
| 041 | _aspa | ||
| 044 | _asp | ||
| 084 |
_aBE5 _b.P37 1790 |
||
| 245 | 1 | 0 |
_aPastoral de nuestro santísimo padre Benedicto XIV _bde gloriosa memoria, siendo Cardenal Arzobispo de la Santa Iglesia de Bolonia ; e instrucciones eclesiásticas para su diócesi _ctraducidas del toscano por el Fr. Juan Facundo Raulin. |
| 260 |
_aMadrid _bEn la Imprenta Real _c1790 |
||
| 300 |
_a[38], 384 p. (t.1, 6a impresión) _c21.5 x 15 cm. |
||
| 500 | _aEstado físico : cintas rotas y lomo semi desprendido | ||
| 500 | _aCon marca de fuego : ´Procedencia de la marca: Convento de San Francisco de Querétaro(1). Institución: Orden de Frailes Menores. Provincia de San Pedro y San Pablo de Michoacán. Descripción: Monograma conformado por las letras iniciales S[an] F[rancisco] D[e] Q[uerétar]o. Observaciones: David Saavedra la asigna a la Academia de Dibujo de San Fernando de Querétaro. Ubicación de la marca en el libro: Canto superior, inferior y lateral´ | ||
| 500 | _aVer también : BE3 (tomo 2, 1769), BE13 (tomo 2, 1764) y BE93 (tomo 2, 1769) | ||
| 600 | 1 | 4 |
_aBenedicto XIV _cPapa _d1675-1758 _921279 |
| 650 | 1 | 4 |
_aIglesia católica _xDisciplina _9463 |
| 651 | 4 |
_aBolonia (Arquidiócesis) _921280 |
|
| 700 | 1 |
_aFacundo Raulin, Juan _etr. _921281 |
|
| 856 | _ahttp://www.marcasdefuego.buap.mx:8180/xmLibris/projects/firebrand/item.jsp?repository=marcas_de_fuego&key=520e29d1.xml&num=16 | ||
| 902 | _aCFM | ||
| 942 |
_2lcc _cB |
||
| 999 |
_c8157 _d8157 |
||